Trail of the Red Canoe (Record no. 17819)
[ view plain ]
| 000 -LEADER | |
|---|---|
| fixed length control field | 00410nam a22001697a 4500 |
| 003 - CONTROL NUMBER IDENTIFIER | |
| control field | OSt |
| 008 - FIXED-LENGTH DATA ELEMENTS--GENERAL INFORMATION | |
| fixed length control field | 231114b |||||||| |||| 00| 0 eng d |
| 041 ## - LANGUAGE CODE | |
| Language code of text/sound track or separate title | eng |
| 082 ## - DEWEY DECIMAL CLASSIFICATION NUMBER | |
| Classification number | 823.308 |
| Item number | GOV / T |
| 100 ## - MAIN ENTRY--AUTHOR NAME | |
| Personal name | Govan, Margaret |
| 245 ## - TITLE STATEMENT | |
| Title | Trail of the Red Canoe |
| 250 ## - EDITION STATEMENT | |
| Edition statement | Reprint. |
| 260 ## - PUBLICATION, DISTRIBUTION, ETC. (IMPRINT) | |
| Place of publication | London: |
| Name of publisher | JM Dent & Sons Ltd, |
| Year of publication | 1954. |
| 300 ## - PHYSICAL DESCRIPTION | |
| Number of Pages | 179p. |
| 700 ## - ADDED ENTRY--PERSONAL NAME | |
| Personal name | Margot Lovejoy |
| 942 ## - ADDED ENTRY ELEMENTS (KOHA) | |
| Koha item type | Books |
No items available.
